[Event "GER-chT U12"]
[Site "Gross Doelln"]
[Date "2010.12.30"]
[Round "7.3"]
[White "Schaefer, Matthes"]
[Black "Greif, Gavin"]
[Result "0-1"]
[WhiteElo "1387"]
[BlackElo "1548"]
[PlyCount "70"]
[EventDate "2010.12.27"]
[EventType "team-swiss"]
[EventRounds "7"]
[EventCountry "GER"]
[SourceTitle "CBM 140 Extra"]
[Source "ChessBase"]
[SourceDate "2011.03.01"]
[SourceVersion "1"]
[SourceVersionDate "2011.03.01"]
[SourceQuality "1"]
[WhiteTeam "Leipzig BSG Chemie U12"]
[BlackTeam "Frankfurt Makkabi U12"]
[WhiteTeamCountry "GER"]
[BlackTeamCountry "GER"]

1. e4 e5 2. Nf3 d6 3. d4 Nd7 4. Bc4 c6 5. 0-0 Be7 6. Nc3 Ngf6 7. Bg5 0-0 8. Qe2 b5 9. Bb3 a6 10. a3 Qc7 11. Rad1 Bb7 12. Qd3 Rad8 13. Nh4 Rfe8 14. Qf3 h6 15. Be3 Bf8 16. Nf5 exd4 17. Rxd4 c5 18. Rdd1 c4 19. Ba2 Nxe4 20. Nxe4 Bxe4 21. Qg4 Nf6 22. Qg3 Bxf5 23. c3 Kh8 24. Bb1 Bxb1 25. Rxb1 Qd7 26. Rbd1 Qg4 27. Qxg4 Nxg4 28. Bb6 Rb8 29. Bc7 Rbc8 30. Bxd6 Bxd6 31. Rxd6 Re6 32. Rd2 Rce8 33. h3 Ne5 34. Rdd1 Nd3 35. Rb1 Re2 0-1

[Event "GER-chT U12"]
[Site "Gross Doelln"]
[Date "2010.12.27"]
[Round "2.3"]
[White "Greif, Gavin"]
[Black "Ramien, David"]
[Result "1/2-1/2"]
[WhiteElo "1548"]
[BlackElo "1237"]
[PlyCount "51"]
[EventDate "2010.12.27"]
[EventType "team-swiss"]
[EventRounds "7"]
[EventCountry "GER"]
[SourceTitle "CBM 140 Extra"]
[Source "ChessBase"]
[SourceDate "2011.03.01"]
[SourceVersion "1"]
[SourceVersionDate "2011.03.01"]
[SourceQuality "1"]
[WhiteTeam "Frankfurt Makkabi U12"]
[BlackTeam "Porz SG U12"]
[WhiteTeamCountry "GER"]
[BlackTeamCountry "GER"]

1. e4 c5 2. c3 d5 3. exd5 Qxd5 4. Nf3 Bg4 5. Be2 Nc6 6. Na3 0-0-0 7. Nc2 e6 8. Ne3 Qe4 9. Nxg4 Qxg4 10. 0-0 Qg6 11. a3 Nge7 12. b4 Nd5 13. Kh1 Nxc3 14. Qe1 Nxe2 15. Qxe2 Qd3 16. Qxd3 Rxd3 17. b5 Nd4 18. Ne5 Nb3 19. Ra2 Nxc1 20. Rxc1 Rb3 21. Nxf7 Rg8 22. Ng5 Rxb5 23. Nxe6 Kd7 24. Nxf8+ Rxf8 25. Kg1 b6 26. g3 1/2-1/2

[Event "Karl Mala Memorial op 13th"]
[Site "Frankfurt"]
[Date "2010.07.08"]
[Round "1"]
[White "Greif, Gavin"]
[Black "Kreiling, Carsten"]
[Result "0-1"]
[WhiteElo "1678"]
[BlackElo "2137"]
[PlyCount "60"]
[EventDate "2010.07.08"]
[EventType "swiss"]
[EventRounds "7"]
[EventCountry "GER"]
[SourceTitle "EXT 2012"]
[Source "ChessBase"]
[SourceDate "2011.11.24"]
[SourceVersion "1"]
[SourceVersionDate "2011.11.24"]
[SourceQuality "1"]

1. e4 c5 2. c3 d5 3. exd5 Qxd5 4. Nf3 Nf6 5. Na3 e6 6. d4 a6 7. Nc2 Nc6 8. Bd3 cxd4 9. cxd4 Nb4 10. Nxb4 Bxb4+ 11. Bd2 Bxd2+ 12. Qxd2 Bd7 13. 0-0 0-0 14. Ne5 Rac8 15. Nxd7 Qxd7 16. Rac1 Rfd8 17. Rxc8 Rxc8 18. Rc1 Rd8 19. Qf4 Nd5 20. Qg3 Nb4 21. Rc7 Qxd4 22. Rxf7 Kxf7 23. Qf3+ Kg8 24. Bxh7+ Kxh7 25. Qh3+ Kg8 26. Qxe6+ Kf8 27. Qf5+ Qf6 28. Qc5+ Qd6 29. Qf5+ Kg8 30. Qg4 Qd1+ 0-1

[Event "Rhein Main op 13th"]
[Site "Bad Homburg"]
[Date "2010.06.04"]
[Round "4"]
[White "Schreiber, Torsten"]
[Black "Greif, Gavin"]
[Result "1-0"]
[WhiteElo "1963"]
[BlackElo "1664"]
[PlyCount "57"]
[EventDate "2010.06.02"]
[EventType "swiss"]
[EventRounds "7"]
[EventCountry "GER"]
[SourceTitle "EXT 2011"]
[Source "ChessBase"]
[SourceDate "2010.11.26"]
[SourceVersion "1"]
[SourceVersionDate "2010.11.26"]
[SourceQuality "1"]

1. d4 d5 2. Nf3 Nf6 3. Bf4 e6 4. e3 Nbd7 5. Ne5 c5 6. c3 Nxe5 7. dxe5 Nd7 8. Bd3 Qc7 9. Nd2 Nxe5 10. Bb5+ Bd7 11. Bxd7+ Kxd7 12. Nc4 f6 13. Qa4+ Ke7 14. Nxe5 fxe5 15. Bg3 Kf7 16. Qg4 Bd6 17. f4 exf4 18. 0-0 Rhe8 19. Bxf4 Bxf4 20. Rxf4+ Kg8 21. Raf1 Qe5 22. Qg3 Qh5 23. Rh4 Qe2 24. Rhf4 Qxb2 25. e4 Re7 26. Qg5 Rd7 27. Qe5 Re8 28. Qxe6+ Rf7 29. Qxf7+ 1-0

[Event "Rhein Main op 13th"]
[Site "Bad Homburg"]
[Date "2010.06.02"]
[Round "1"]
[White "Greif, Gavin"]
[Black "Trumpp, Lothar"]
[Result "0-1"]
[WhiteElo "1664"]
[BlackElo "2100"]
[PlyCount "52"]
[EventDate "2010.06.02"]
[EventType "swiss"]
[EventRounds "7"]
[EventCountry "GER"]
[SourceTitle "EXT 2011"]
[Source "ChessBase"]
[SourceDate "2010.11.26"]
[SourceVersion "1"]
[SourceVersionDate "2010.11.26"]
[SourceQuality "1"]

1. e4 Nc6 2. d4 d5 3. exd5 Qxd5 4. Be3 e5 5. Nc3 Bb4 6. a3 Bxc3+ 7. bxc3 Bf5 8. c4 Qa5+ 9. Bd2 Qa4 10. d5 Nd4 11. Bd3 Nxc2+ 12. Bxc2 Qxc2 13. Qxc2 Bxc2 14. Nf3 f6 15. 0-0 Ne7 16. Rfe1 Kf7 17. Bb4 Nf5 18. Rac1 Ba4 19. c5 a5 20. Bd2 Rhd8 21. Re4 Bb5 22. d6 cxd6 23. cxd6 Bc6 24. Rec4 Rxd6 25. Bc3 Rd5 26. Re4 Rd3 0-1

[Event "GER-ch U12"]
[Site "Oberhof"]
[Date "2010.05.28"]
[Round "10"]
[White "Greif, Gavin"]
[Black "Lemke, Berfin"]
[Result "1-0"]
[WhiteElo "1678"]
[BlackElo "1318"]
[PlyCount "73"]
[EventDate "2010.05.22"]
[EventType "swiss"]
[EventRounds "11"]
[EventCountry "GER"]
[SourceTitle "CBM 136 Extra"]
[Source "ChessBase"]
[SourceDate "2010.07.02"]
[SourceVersion "2"]
[SourceVersionDate "2010.07.15"]
[SourceQuality "1"]

1. e4 e5 2. Nf3 Nf6 3. Nxe5 d6 4. Nf3 Nxe4 5. Nc3 Nxc3 6. dxc3 Nc6 7. Bf4 Be6 8. Bd3 Be7 9. 0-0 0-0 10. Re1 Re8 11. Qd2 Bf6 12. Ng5 Bxg5 13. Bxg5 Qd7 14. Re3 Ne5 15. Rg3 Ng6 16. h4 Bg4 17. f3 Bh5 18. Rh3 Ne5 19. Kh2 Bg6 20. Be2 h5 21. Rg1 Bf5 22. Rg3 Bg6 23. Qd1 Qf5 24. f4 Ng4+ 25. Bxg4 hxg4 26. Qxg4 Qxg4 27. Rxg4 Re2 28. Rf1 Bf5 29. Rg3 Kf8 30. c4 f6 31. h5 fxg5 32. fxg5 Ke7 33. Rxf5 Rh8 34. Rh3 Re5 35. g4 Re2+ 36. Kg3 Rxc2 37. h6 1-0

[Event "GER-chT U12"]
[Site "Arendsee"]
[Date "2009.12.28"]
[Round "3.3"]
[White "Wastian, Jan"]
[Black "Greif, Gavin"]
[Result "1-0"]
[WhiteElo "1479"]
[BlackElo "1346"]
[PlyCount "75"]
[EventDate "2009.12.27"]
[EventType "team-swiss"]
[EventRounds "7"]
[EventCountry "GER"]
[SourceTitle "EXT 2022"]
[Source "ChessBase"]
[SourceDate "2021.10.06"]
[SourceVersion "1"]
[SourceVersionDate "2021.10.06"]
[SourceQuality "1"]
[WhiteTeam "Brackel SF U12"]
[BlackTeam "Frankfurt Makkabi U12"]
[WhiteTeamCountry "GER"]
[BlackTeamCountry "GER"]

1. e4 e5 2. Nf3 Nc6 3. Bc4 Nf6 4. Ng5 d5 5. exd5 Na5 6. Bb5+ c6 7. dxc6 bxc6 8. Be2 h6 9. Nf3 e4 10. Ne5 Qc7 11. d4 exd3 12. Nxd3 c5 13. Bf4 Bd6 14. Bxd6 Qxd6 15. 0-0 0-0 16. Qd2 Nc6 17. c4 Re8 18. Nc3 a6 19. Rfe1 Bf5 20. Rad1 Rad8 21. Qf4 Bxd3 22. Qd2 Qd4 23. Qc1 Qxc4 24. b3 Qb4 25. Rxd3 Rxd3 26. Bxd3 Rxe1+ 27. Qxe1 Qd4 28. Bxa6 Nb4 29. Bc4 Kf8 30. Nb5 Qd8 31. a4 Nc2 32. Qe2 Nb4 33. Qe3 Qd1+ 34. Bf1 Nd7 35. Nc7 Kg8 36. Qe8+ Kh7 37. Qxf7 Ne5 38. Qf5+ 1-0

[Event "GER-ch U12"]
[Site "Willingen"]
[Date "2008.05.17"]
[Round "11"]
[White "Urban, Lars"]
[Black "Greif, Gavin"]
[Result "1/2-1/2"]
[WhiteElo "1857"]
[BlackElo "1268"]
[PlyCount "28"]
[EventDate "2008.05.11"]
[EventType "swiss"]
[EventRounds "11"]
[EventCountry "GER"]
[SourceTitle "CBM 124 Extra"]
[Source "ChessBase"]
[SourceDate "2008.07.03"]
[SourceVersion "1"]
[SourceVersionDate "2008.07.03"]
[SourceQuality "1"]

1. d4 d5 2. c4 e6 3. Nc3 Nf6 4. Bg5 Nbd7 5. Nf3 c6 6. e3 Qa5 7. cxd5 Nxd5 8. Qc2 h6 9. Bh4 Bb4 10. Rc1 Qxa2 11. Bd3 0-0 12. 0-0 Qa5 13. Nxd5 exd5 14. h3 Re8 1/2-1/2

[Event "GER-ch U12"]
[Site "Willingen"]
[Date "2008.05.15"]
[Round "8"]
[White "Greif, Gavin"]
[Black "Stanau, Guido"]
[Result "1-0"]
[WhiteElo "1268"]
[BlackElo "1333"]
[PlyCount "67"]
[EventDate "2008.05.11"]
[EventType "swiss"]
[EventRounds "11"]
[EventCountry "GER"]
[SourceTitle "CBM 124 Extra"]
[Source "ChessBase"]
[SourceDate "2008.07.03"]
[SourceVersion "1"]
[SourceVersionDate "2008.07.03"]
[SourceQuality "1"]

1. e4 d5 2. exd5 Nf6 3. Nf3 Nxd5 4. d4 Bg4 5. h3 Bh5 6. g4 Bg6 7. Ne5 e6 8. Bg2 c6 9. c4 Nb6 10. Bf4 Na6 11. 0-0 Rc8 12. Nc3 Bb4 13. a3 Bxc3 14. bxc3 f6 15. Nxg6 hxg6 16. Qe2 Kf7 17. Rfe1 Qe8 18. Rab1 g5 19. Bd6 Qd7 20. c5 Rhe8 21. c4 Ra8 22. Be4 Nc8 23. Qd3 Rh8 24. Bg6+ Kg8 25. Qg3 b6 26. Re2 bxc5 27. dxc5 Nxd6 28. cxd6 e5 29. Qb3 Rh6 30. Bf5 Qd8 31. Reb2 g6 32. Be6+ Kf8 33. Qb7 Qe8 34. d7 1-0

[Event "GER-ch U12"]
[Site "Willingen"]
[Date "2008.05.11"]
[Round "1"]
[White "Pfadenhauer, Johannes"]
[Black "Greif, Gavin"]
[Result "1-0"]
[WhiteElo "1654"]
[BlackElo "1268"]
[PlyCount "93"]
[EventDate "2008.05.11"]
[EventType "swiss"]
[EventRounds "11"]
[EventCountry "GER"]
[SourceTitle "CBM 124 Extra"]
[Source "ChessBase"]
[SourceDate "2008.07.03"]
[SourceVersion "1"]
[SourceVersionDate "2008.07.03"]
[SourceQuality "1"]

1. e4 e5 2. Bc4 Nf6 3. d3 Nc6 4. Nc3 d6 5. f4 Be7 6. Nf3 0-0 7. 0-0 Re8 8. fxe5 Nxe5 9. Nxe5 dxe5 10. Bg5 Ng4 11. Bxe7 Rxe7 12. Qf3 Nf6 13. Nd5 Re6 14. Nxf6+ Rxf6 15. Qh5 Qe7 16. Rxf6 Qxf6 17. Rf1 Qb6+ 18. Kh1 Be6 19. Qxe5 Bxc4 20. dxc4 Qc6 21. Qd5 Rf8 22. Qxc6 bxc6 23. g3 Rd8 24. Kg2 Rd4 25. b3 Rxe4 26. Rd1 f5 27. Kf2 Kf7 28. Rd8 Re8 29. Rxe8 Kxe8 30. Ke3 Ke7 31. Kf4 Kf6 32. h4 h6 33. h5 g5+ 34. hxg6 Kxg6 35. c5 Kf6 36. c4 a6 37. b4 Ke6 38. a4 h5 39. a5 Kf6 40. b5 axb5 41. a6 b4 42. a7 b3 43. a8Q b2 44. Qa2 h4 45. Qxb2+ Kg6 46. gxh4 Kh5 47. Qg7 1-0